Les etats, acteurs de la concurrence industrielle
محفوظ في:
| المؤلف الرئيسي: | |
|---|---|
| التنسيق: | كتاب |
| اللغة: | Undetermined |
| منشور في: |
Paris
Economica
1988
|
| الموضوعات: | |
| الوسوم: |
إضافة وسم
لا توجد وسوم, كن أول من يضع وسما على هذه التسجيلة!
|
| Thư viện lưu trữ: | Trung tâm Học liệu Trường Đại học Cần Thơ |
|---|
| LEADER | 00508nam a2200181Ia 4500 | ||
|---|---|---|---|
| 001 | CTU_82286 | ||
| 008 | 210402s9999 xx 000 0 und d | ||
| 082 | |a 338 | ||
| 082 | |b B918 | ||
| 100 | |a Bucaille, Alain | ||
| 245 | 0 | |a Les etats, acteurs de la concurrence industrielle | |
| 245 | 0 | |c Alain Bucaille | |
| 260 | |a Paris | ||
| 260 | |b Economica | ||
| 260 | |c 1988 | ||
| 650 | |a Industrial policy,Industrial promotion | ||
| 904 | |i Trọng Hải | ||
| 980 | |a Trung tâm Học liệu Trường Đại học Cần Thơ | ||